[Event "Katernberg - Erkenschwick"]
[Site "?"]
[Date "2024.03.10"]
[Round "7.7"]
[White "Jonkman, Harmen"]
[Black "Korchynskyi, Mykola"]
[Result "0-1"]
[WhiteElo "2330"]
[BlackElo "2297"]
[PlyCount "64"]
[EventDate "2024.??.??"]
[SourceVersionDate "2023.09.04"]

1. d4 d5 2. Bf4 Nf6 3. e3 Bf5 4. c4 e6 5. Nc3 c6 6. Qb3 b6 7. Nf3 Bd6 8. Bg3 O-O 9. Be2 Ne4 10. O-O Nxg3 11. hxg3 Qe7 12. Rfc1 Nd7 13. Qa4 Rfc8 14. cxd5 exd5 15. Ba6 b5 16. Qd1 Rc7 17. Bxb5 cxb5 18. Nxd5 Qd8 19. Nxc7 Bxc7 20. Qb3 Be4 21. Ng5 Qxg5 22. Rxc7 Rd8 23. Rac1 h6 24. Rxa7 Bd5 25. Qxb5 Nf6 26. Rac7 Kh7 27. Qd3+ Be4 28. Qe2 Bd5 29. Re7 Ng4 30. Rcc7 Qh5 31. Qc2+ Kg8 32. e4 Be6 0-1

[Event "Katernberg - Erkenschwick"]
[Site "?"]
[Date "2024.03.10"]
[Round "7.8"]
[White "Gallas, Noel"]
[Black "Van Beek, Alexander"]
[Result "0-1"]
[WhiteElo "1981"]
[BlackElo "2299"]
[PlyCount "92"]
[EventDate "2024.??.??"]
[SourceVersionDate "2023.09.04"]

1. e4 e5 2. Nc3 Nf6 3. g3 d5 4. exd5 Nxd5 5. Bg2 Nxc3 6. bxc3 Nc6 7. Nf3 Bc5 8. O-O O-O 9. Rb1 f6 10. Qe2 Bb6 11. d4 exd4 12. Qc4+ Kh8 13. cxd4 Na5 14. Qb5 Be6 15. Re1 Bxa2 16. Ra1 Bd5 17. Ba3 c6 18. Qd3 Re8 19. Rxe8+ Qxe8 20. Re1 Qg6 21. Qe2 Nc4 22. Bc1 Ba5 23. Nh4 Qf7 24. Rd1 Bxg2 25. Nxg2 Re8 26. Qd3 b5 27. c3 Kg8 28. f3 Bc7 29. Kf2 a5 30. Bf4 Nb2 31. Qc2 Nxd1+ 32. Qxd1 Qa2+ 33. Kf1 Qc4+ 34. Kf2 Bxf4 35. Nxf4 Qxc3 36. d5 Qc5+ 37. Kg2 cxd5 38. Nxd5 a4 39. Nf4 Qc6 40. Qd4 a3 41. Qa7 Ra8 42. Qe7 a2 43. Ne6 Qc2+ 44. Kh3 Qg6 45. Nd8 Qh6+ 46. Kg4 f5+ 0-1

[Event "Brackel - Bochum"]
[Site "?"]
[Date "2024.03.10"]
[Round "7.1"]
[White "Friedmann, Rafael"]
[Black "Fiebig, Thomas"]
[Result "1/2-1/2"]
[WhiteElo "2419"]
[BlackElo "2413"]
[PlyCount "43"]
[EventDate "2024.??.??"]
[SourceVersionDate "2023.09.04"]

1. e4 e6 2. d4 d5 3. exd5 exd5 4. Qf3 Nc6 5. c3 Be6 6. Bd3 Bd6 7. Ne2 Qd7 8. h3 Nge7 9. Bf4 O-O-O 10. Nd2 Bf5 11. Bxd6 Bxd3 12. Qxd3 Qxd6 13. O-O Rde8 14. Rae1 Kb8 15. Qg3 Nf5 16. Qxd6 Nxd6 17. Nf4 Ne7 18. Re5 c6 19. Rfe1 Ng6 20. Nxg6 hxg6 21. Rxe8+ Rxe8 22. Rxe8+ 1/2-1/2

[Event "Brackel - Bochum"]
[Site "?"]
[Date "2024.03.10"]
[Round "7.2"]
[White "Luft, Dennis"]
[Black "Jugelt, Tobias"]
[Result "1/2-1/2"]
[WhiteElo "2275"]
[BlackElo "2354"]
[PlyCount "77"]
[EventDate "2024.??.??"]
[SourceVersionDate "2023.09.04"]

1. d4 d5 2. c4 e6 3. Nf3 Nf6 4. Nc3 c5 5. cxd5 Nxd5 6. e4 Nxc3 7. bxc3 cxd4 8. cxd4 Bb4+ 9. Bd2 Bxd2+ 10. Qxd2 O-O 11. Be2 Nd7 12. O-O b6 13. e5 Bb7 14. Qe3 Qe7 15. Ng5 Rfd8 16. Bd3 Nf8 17. f4 Qb4 18. Rad1 h6 19. Be4 Bd5 20. Bxd5 Rxd5 21. Ne4 Rc8 22. Nd6 Rc2 23. f5 Ra5 24. Rf2 Raxa2 25. Rxc2 Rxc2 26. fxe6 Nxe6 27. Qf3 Rd2 28. Qxf7+ Kh8 29. Rf1 Qxd4+ 30. Kh1 Rd1 31. h3 Rxf1+ 32. Qxf1 a5 33. Qb5 Kh7 34. Qb1+ g6 35. Qb5 Ng7 36. Ne8 a4 37. Nxg7 Kxg7 38. Qe8 a3 39. Qe7+ 1/2-1/2

[Event "Brackel - Bochum"]
[Site "?"]
[Date "2024.03.10"]
[Round "7.3"]
[White "Illner, Achim"]
[Black "Steinmetzer, Thomas"]
[Result "1-0"]
[WhiteElo "2434"]
[BlackElo "2221"]
[PlyCount "67"]
[EventDate "2024.??.??"]
[SourceVersionDate "2023.09.04"]

1. d4 d5 2. Nf3 Nf6 3. c4 c6 4. cxd5 cxd5 5. Nc3 Nc6 6. Bf4 Bf5 7. e3 Ne4 8. Qb3 Nxc3 9. bxc3 Qd7 10. Ne5 Nxe5 11. Bxe5 a6 12. c4 Rc8 13. c5 f6 14. Bg3 e5 15. Be2 exd4 16. exd4 Be7 17. O-O O-O 18. Bf3 Rfd8 19. Rfe1 Bf8 20. Re2 Bg4 21. Rb1 Bxf3 22. gxf3 Qf5 23. Kg2 Rd7 24. Rbe1 Kf7 25. a4 g5 26. Qb1 Qxb1 27. Rxb1 f5 28. Be5 Bg7 29. f4 g4 30. Reb2 Bxe5 31. fxe5 Rcc7 32. Rb6 Kg7 33. Kg3 Rf7 34. Kf4 1-0

[Event "Brackel - Bochum"]
[Site "?"]
[Date "2024.03.10"]
[Round "7.4"]
[White "Tkachuk, Konstantyn"]
[Black "Golovanj, Andrej"]
[Result "0-1"]
[WhiteElo "2249"]
[BlackElo "2281"]
[PlyCount "56"]
[EventDate "2024.??.??"]
[SourceVersionDate "2023.09.04"]

1. e4 c5 2. c4 Nc6 3. Nc3 g6 4. g3 Bg7 5. Bg2 d6 6. d3 Rb8 7. Nge2 a6 8. Be3 Nd4 9. O-O e6 10. Rb1 Ne7 11. b4 O-O 12. f4 Nxe2+ 13. Nxe2 cxb4 14. Rxb4 b5 15. cxb5 axb5 16. Qb1 Bd7 17. Rc1 Rc8 18. Rxc8 Qxc8 19. d4 Qa6 20. e5 Rc8 21. Rb3 b4 22. Nc1 Nd5 23. Bxd5 exd5 24. Rxb4 dxe5 25. fxe5 Bf5 26. Qb3 Bf8 27. Rb8 Rxb8 28. Qxb8 Bh3 0-1

[Event "Brackel - Bochum"]
[Site "?"]
[Date "2024.03.10"]
[Round "7.5"]
[White "Zozulia, Anna"]
[Black "Kartsev, Soel"]
[Result "1/2-1/2"]
[WhiteElo "2221"]
[BlackElo "2135"]
[PlyCount "39"]
[EventDate "2024.??.??"]
[SourceVersionDate "2023.09.04"]

1. e4 d5 2. exd5 Nf6 3. d4 Bg4 4. Nf3 Qxd5 5. Nc3 Qf5 6. Bd3 Bxf3 7. Bxf5 Bxd1 8. Nxd1 Nc6 9. c3 e5 10. dxe5 Nxe5 11. O-O Bd6 12. Bg5 Nd5 13. Be4 h6 14. Bc1 c6 15. Ne3 Nxe3 16. Bxe3 Ng4 17. Rfe1 O-O 18. h3 Nxe3 19. Rxe3 Rad8 20. Kf1 1/2-1/2

[Event "Brackel - Bochum"]
[Site "?"]
[Date "2024.03.10"]
[Round "7.6"]
[White "Prieb, Robert"]
[Black "Golinka, Oleksandr"]
[Result "0-1"]
[WhiteElo "2009"]
[BlackElo "2205"]
[PlyCount "120"]
[EventDate "2024.??.??"]
[SourceVersionDate "2023.09.04"]

1. d4 d5 2. Nf3 Nf6 3. c4 e6 4. Nc3 Be7 5. Bf4 Ne4 6. e3 Nxc3 7. bxc3 Nd7 8. c5 c6 9. Bd3 Qa5 10. Qc2 b6 11. cxb6 axb6 12. O-O h6 13. e4 Ba6 14. Ne5 Nxe5 15. Bxe5 O-O 16. c4 Rfc8 17. Rfc1 Ba3 18. Rd1 Bf8 19. Qe2 dxc4 20. Bxc4 Bxc4 21. Qxc4 Qa4 22. Qd3 Ra7 23. d5 cxd5 24. exd5 Ra5 25. Qf3 exd5 26. Rxd5 Qc6 27. Rxa5 Qxf3 28. gxf3 bxa5 29. a4 Rc4 30. Rd1 f6 31. Bd6 Bxd6 32. Rxd6 Rxa4 33. Ra6 Kf7 34. Kg2 h5 35. Kg3 Kg6 36. Ra7 h4+ 37. Kg2 Kh6 38. Ra6 Kg5 39. h3 Kf5 40. Ra7 g5 41. Ra8 Ke5 42. Ra6 Ra1 43. Ra8 a4 44. Ra5+ Kd4 45. Ra6 a3 46. Rxf6 Rb1 47. Ra6 Rb3 48. Ra4+ Kc3 49. f4 Kb2 50. fxg5 a2 51. g6 a1=Q 52. Rxa1 Kxa1 53. g7 Rb8 54. Kf3 Rg8 55. Kg4 Rxg7+ 56. Kxh4 Kb2 57. Kh5 Kc3 58. Kh6 Rg2 59. h4 Kd4 60. h5 Ke5 0-1

[Event "Brackel - Bochum"]
[Site "?"]
[Date "2024.03.10"]
[Round "7.7"]
[White "Kiese, Matthias"]
[Black "Goldschmidt, Christian"]
[Result "1/2-1/2"]
[WhiteElo "2138"]
[BlackElo "2183"]
[PlyCount "48"]
[EventDate "2024.??.??"]
[SourceVersionDate "2023.09.04"]

1. d4 d5 2. Nf3 Nf6 3. c4 e6 4. Nc3 c5 5. cxd5 cxd4 6. Qxd4 exd5 7. Bg5 Be7 8. e3 Nc6 9. Qd2 O-O 10. Be2 h6 11. Bxf6 Bxf6 12. O-O d4 13. Nxd4 Nxd4 14. exd4 Qxd4 15. Qxd4 Bxd4 16. Bf3 Be6 17. Rfd1 Bxc3 18. bxc3 Rac8 19. Bxb7 Rxc3 20. Bd5 Bxd5 21. Rxd5 Rc2 22. Ra5 Rb8 23. Rxa7 Rbb2 24. Rf1 Rxa2 1/2-1/2

[Event "Brackel - Bochum"]
[Site "?"]
[Date "2024.03.10"]
[Round "7.8"]
[White "Bungarten, Jona"]
[Black "Kraemer, Matthias"]
[Result "0-1"]
[WhiteElo "2103"]
[BlackElo "2256"]
[PlyCount "70"]
[EventDate "2024.??.??"]
[SourceVersionDate "2023.09.04"]

1. e4 c5 2. d4 cxd4 3. c3 dxc3 4. Nxc3 Nc6 5. Nf3 e6 6. Bc4 a6 7. O-O b5 8. Bb3 Bb7 9. Re1 Bc5 10. Bf4 Nge7 11. Rc1 Ng6 12. Bg3 d6 13. h4 Rc8 14. Rc2 Nge5 15. Nxe5 Nxe5 16. Kh1 O-O 17. f4 Nc4 18. Bxc4 bxc4 19. Qg4 f5 20. exf5 exf5 21. Qe2 Kh8 22. Qe6 Rf6 23. Qe7 Bc6 24. Rce2 Qxe7 25. Rxe7 d5 26. R7e5 Bd6 27. Nxd5 Bxe5 28. fxe5 Rg6 29. Ne7 Rxg3 30. Nxc8 Rxg2 31. Rf1 Rxb2+ 32. Kg1 Rg2+ 33. Kh1 Rxa2+ 34. Kg1 Rg2+ 35. Kh1 Rf2+ 0-1

[Event "Katernberg 2 - Mülheim Nord 2"]
[Site "?"]
[Date "2024.04.07"]
[Round "8.1"]
[White "Van Osch, Mees"]
[Black "Bee, Marcus"]
[Result "1-0"]
[WhiteElo "2363"]
[BlackElo "2204"]
[PlyCount "69"]
[EventDate "2024.??.??"]
[SourceVersionDate "2023.09.04"]

1. e4 g6 2. d4 Bg7 3. Nc3 c6 4. h3 d5 5. e5 Nh6 6. Bf4 f6 7. Qd2 Nf7 8. Nf3 O-O 9. O-O-O b5 10. Re1 a5 11. h4 Na6 12. h5 g5 13. h6 Nxh6 14. exf6 exf6 15. Nxg5 fxg5 16. Bxg5 Qd6 17. Bxh6 Bf5 18. Bxg7 Kxg7 19. Bd3 Ra7 20. Bxb5 Nb4 21. Ba4 Bg6 22. a3 Rb8 23. Qe3 Na6 24. Qe5+ Qxe5 25. Rxe5 Rf7 26. f3 Rc8 27. Re6 Nb8 28. Rhe1 Bf5 29. Re8 Rfc7 30. g4 Bg6 31. Rxc8 Rxc8 32. f4 Kf6 33. Rh1 Rc7 34. f5 Be8 35. Nxd5+ 1-0

[Event "Katernberg 2 - Mülheim Nord 2"]
[Site "?"]
[Date "2024.04.07"]
[Round "8.2"]
[White "Scheck, Kyrill"]
[Black "Stillger, Bernhard"]
[Result "1/2-1/2"]
[WhiteElo "2119"]
[BlackElo "2256"]
[PlyCount "170"]
[EventDate "2024.??.??"]
[SourceVersionDate "2023.09.04"]

1. e4 c5 2. Nf3 d6 3. Bb5+ Nd7 4. O-O a6 5. Bd3 Ngf6 6. Re1 e6 7. c3 b5 8. a4 Bb7 9. axb5 axb5 10. Rxa8 Qxa8 11. Na3 Bxe4 12. Bxe4 Nxe4 13. Nxb5 Qb7 14. Qa4 Nef6 15. Qa5 Be7 16. Nc7+ Kf8 17. d4 Kg8 18. Nb5 h6 19. Bf4 cxd4 20. Nfxd4 d5 21. b4 Kh7 22. Bd6 Ra8 23. Qc7 Qxc7 24. Nxc7 Rc8 25. Bxe7 Rxc7 26. Nb5 Rc6 27. f3 Nb6 28. Bc5 Nc4 29. Ra1 Nd7 30. Bd4 e5 31. Bf2 Nf6 32. Bc5 Nd7 33. Bf2 Nf6 34. Na7 Rc7 35. b5 Rb7 36. Rb1 Nd7 37. Nc6 Na3 38. Rb3 Rxb5 39. Rxa3 Rb1+ 40. Be1 Rxe1+ 41. Kf2 Rc1 42. Nd8 Rc2+ 43. Kf1 f5 44. Ne6 Nb6 45. Ra7 Kg6 46. Nf8+ Kg5 47. g3 Rxc3 48. Rxg7+ Kf6 49. Rg6+ Kf7 50. Rxb6 Kxf8 51. Rf6+ Ke7 52. Rxf5 Ke6 53. g4 d4 54. h4 d3 55. Kf2 Rc2+ 56. Ke3 d2 57. Ke2 e4 58. f4 e3 59. Re5+ Kf7 60. Rxe3 Rc4 61. Rf3 Rd4 62. Kd1 Kg7 63. h5 Kf6 64. Rf2 Kg7 65. g5 hxg5 66. fxg5 Rg4 67. Rf5 Rh4 68. g6 Rh2 69. Rf7+ Kg8 70. Rf5 Kg7 71. Rd5 Kg8 72. Rd8+ Kg7 73. Rd7+ Kg8 74. Rh7 Rg2 75. Kc2 Rh2 76. h6 Rg2 77. Rg7+ Kh8 78. Rh7+ Kg8 79. Rg7+ Kh8 80. Kd1 Rg3 81. Rh7+ Kg8 82. Rg7+ Kh8 83. Rh7+ Kg8 84. Rg7+ Kh8 85. Kxd2 Rd3+ 1/2-1/2

[Event "Katernberg 2 - Mülheim Nord 2"]
[Site "?"]
[Date "2024.04.07"]
[Round "8.3"]
[White "Van Meegen, Ruud"]
[Black "Irkilmez, Yakub"]
[Result "1/2-1/2"]
[WhiteElo "2275"]
[BlackElo "2113"]
[PlyCount "39"]
[EventDate "2024.??.??"]
[SourceVersionDate "2023.09.04"]

1. Nf3 Nf6 2. g3 d5 3. Bg2 e6 4. c4 Be7 5. O-O O-O 6. b3 c5 7. Bb2 d4 8. e3 Nc6 9. exd4 cxd4 10. Re1 Ng4 11. a3 a5 12. d3 f6 13. Nbd2 e5 14. Rc1 Bf5 15. Nh4 Bd7 16. c5 Kh8 17. Nc4 Be6 18. h3 Nh6 19. f4 Bxc5 20. Nxe5 1/2-1/2

[Event "Katernberg 2 - Mülheim Nord 2"]
[Site "?"]
[Date "2024.04.07"]
[Round "8.4"]
[White "Meyer, Armin"]
[Black "Baltic, Fatih"]
[Result "1/2-1/2"]
[WhiteElo "2187"]
[BlackElo "2271"]
[PlyCount "117"]
[EventDate "2024.??.??"]
[SourceVersionDate "2023.09.04"]

1. Nf3 d6 2. d4 Nf6 3. c4 g6 4. Nc3 Bg7 5. e4 Bg4 6. h3 Bxf3 7. Qxf3 Nc6 8. d5 Nd4 9. Qd1 c5 10. dxc6 Nxc6 11. Be3 Nd7 12. Rc1 Nc5 13. f3 O-O 14. Be2 Ne6 15. O-O Bd4 16. Bxd4 Nexd4 17. Kh1 e5 18. Qd2 Kg7 19. f4 f5 20. fxe5 dxe5 21. exf5 gxf5 22. Nd5 a5 23. Bd1 Qh4 24. Qe1 Qxe1 25. Rxe1 e4 26. g4 Nb4 27. gxf5 Nd3 28. Rg1+ Kh8 29. Rb1 Rxf5 30. b4 a4 31. Nb6 Raf8 32. Nxa4 Rf2 33. Nc5 Rxa2 34. Nxd3 exd3 35. Rg2 Rf1+ 36. Kh2 Ne2 37. c5 Rd2 38. Bb3 Rf8 39. Bc4 Nd4 40. Bd5 Rxg2+ 41. Kxg2 Nc2 42. Bxb7 d2 43. c6 Ne3+ 44. Kg3 d1=Q 45. Rxd1 Nxd1 46. c7 Ne3 47. c8=Q Rxc8 48. Bxc8 Nd5 49. b5 Kg7 50. Bf5 h6 51. Be4 Nc3 52. Bd3 Nxb5 53. Bxb5 Kg6 54. Be8+ Kg7 55. Kh4 Kh7 56. Kh5 Kg7 57. Bg6 Kg8 58. Kxh6 Kh8 59. Bf7 1/2-1/2

[Event "Katernberg 2 - Mülheim Nord 2"]
[Site "?"]
[Date "2024.04.07"]
[Round "8.5"]
[White "De Boer, Bas"]
[Black "Villwock, Martin"]
[Result "1-0"]
[WhiteElo "2218"]
[BlackElo "2093"]
[PlyCount "69"]
[EventDate "2024.??.??"]
[SourceVersionDate "2023.09.04"]

1. d4 d5 2. c4 c6 3. cxd5 cxd5 4. Bf4 Nc6 5. e3 Nf6 6. Nc3 Bg4 7. Qb3 Na5 8. Qa4+ Bd7 9. Qc2 Rc8 10. Bd3 g6 11. Nf3 Bg7 12. h3 O-O 13. O-O b5 14. a3 Nc4 15. Qe2 Re8 16. Ne5 a6 17. Rfc1 Be6 18. Bb1 Nd6 19. Ba2 Qb6 20. Nd3 Nde4 21. Nxe4 Nxe4 22. f3 g5 23. Be5 Bxe5 24. fxe4 Rxc1+ 25. Nxc1 Bb8 26. exd5 Qd6 27. dxe6 fxe6 28. Qg4 Qh2+ 29. Kf1 Rf8+ 30. Ke2 Bg3 31. Kd3 Qxg2 32. Ne2 Rf3 33. Qxe6+ Kg7 34. Rg1 Qf2 35. Rxg3 1-0

[Event "Katernberg 2 - Mülheim Nord 2"]
[Site "?"]
[Date "2024.04.07"]
[Round "8.6"]
[White "Gassmann, Volker"]
[Black "Dordevic, Tom"]
[Result "0-1"]
[WhiteElo "2083"]
[BlackElo "1974"]
[PlyCount "78"]
[EventDate "2024.??.??"]
[SourceVersionDate "2023.09.04"]

1. d4 Nf6 2. c4 e6 3. Nc3 Bb4 4. a3 Bxc3+ 5. bxc3 c5 6. f3 O-O 7. e4 d6 8. Bd3 e5 9. Ne2 Nc6 10. Be3 b6 11. O-O Re8 12. d5 Na5 13. Ng3 Ba6 14. Qe2 Nd7 15. Nf5 Nf8 16. g3 Ng6 17. h4 Ne7 18. Kg2 Nxf5 19. exf5 f6 20. g4 Qd7 21. a4 Kf7 22. g5 Ke7 23. Rg1 Kd8 24. Kf2 Kc7 25. Rg4 Re7 26. Qa2 Rae8 27. Rag1 Kb7 28. h5 Rf8 29. Rh1 fxg5 30. Bxg5 Ref7 31. h6 Rxf5 32. Bxf5 Qxf5 33. Rg3 Bxc4 34. Qd2 g6 35. Be7 Rf7 36. Bxd6 Qf6 37. Bxe5 Qxe5 38. Rg5 Qf6 39. Qe3 Re7 0-1

[Event "Katernberg 2 - Mülheim Nord 2"]
[Site "?"]
[Date "2024.04.07"]
[Round "8.7"]
[White "Albers, Sasa"]
[Black "Dette, Jan"]
[Result "1/2-1/2"]
[WhiteElo "2263"]
[BlackElo "2081"]
[PlyCount "88"]
[EventDate "2024.??.??"]
[SourceVersionDate "2023.09.04"]

1. e4 c6 2. Nf3 d5 3. Nc3 Bg4 4. h3 Bxf3 5. Qxf3 e6 6. Be2 Nf6 7. O-O d4 8. Nb1 Nbd7 9. d3 Bd6 10. g3 h6 11. h4 Qc7 12. c3 c5 13. Na3 Be7 14. Bf4 e5 15. Bd2 g5 16. hxg5 hxg5 17. Bxg5 Nxe4 18. Qxe4 Bxg5 19. cxd4 cxd4 20. f4 Be7 21. Rac1 Qb6 22. Kg2 exf4 23. Qxf4 Qxb2 24. Qxf7+ Kd8 25. Nc2 Rc8 26. Qg7 Re8 27. Nxd4 Bf6 28. Rxc8+ Kxc8 29. Qf7 Rxe2+ 30. Nxe2 Qxe2+ 31. Rf2 Qxd3 32. Qe6 Kc7 33. Qf5 Qxf5 34. Rxf5 Kd6 35. g4 Ke6 36. Kg3 b6 37. Kf4 a5 38. g5 Bd4 39. g6 Bf6 40. Rb5 Bd4 41. Rb3 Kf6 42. Ke4 Bc5 43. Kd5 Nf8 44. Rc3 Nxg6 1/2-1/2

[Event "Katernberg 2 - Mülheim Nord 2"]
[Site "?"]
[Date "2024.04.07"]
[Round "8.8"]
[White "Heldt, Maximilian"]
[Black "Bus, Tom"]
[Result "0-1"]
[WhiteElo "2072"]
[BlackElo "2091"]
[PlyCount "114"]
[EventDate "2024.??.??"]
[SourceVersionDate "2023.09.04"]

1. c4 c5 2. g3 g6 3. Bg2 Bg7 4. Nc3 Nc6 5. e4 d6 6. Nge2 e6 7. a3 Nge7 8. b4 O-O 9. O-O Rb8 10. Rb1 b6 11. Bb2 Bb7 12. Nb5 Bxb2 13. Rxb2 e5 14. f4 f6 15. Rb3 Qd7 16. Rd3 Nd4 17. fxe5 dxe5 18. Nexd4 cxd4 19. Nxa7 f5 20. Nb5 fxe4 21. Rb3 Qe6 22. Rxf8+ Rxf8 23. d3 Nf5 24. dxe4 Ne3 25. Qe2 Qxc4 26. Qxc4+ Nxc4 27. Bh3 Nd2 28. Rb2 Nf3+ 29. Kg2 Bxe4 30. Be6+ Kg7 31. Nd6 Bc6 32. b5 Ba8 33. Bd7 d3 34. Kf2 Nxh2+ 35. Ke3 Rf3+ 36. Kd2 Bd5 37. Bc6 Rf2+ 38. Kc3 Rxb2 39. Kxb2 Be6 40. Kc3 Nf1 41. Kxd3 Nxg3 42. a4 Nf5 43. Nc4 Bxc4+ 44. Kxc4 Kf6 45. Kd5 Ne3+ 46. Kd6 Nc4+ 47. Kc7 Ke6 48. Be4 h5 49. Kc6 Nd6 50. Bxg6 h4 51. Bh5 e4 52. Bg4+ Ke5 53. Kxb6 e3 54. a5 h3 55. a6 h2 56. Bf3 e2 57. a7 Nc8+ 0-1

[Event "Brackel - Mülheim-Nord 3"]
[Site "?"]
[Date "2024.04.07"]
[Round "8.1"]
[White "Walter, Andreas"]
[Black "Fiebig, Thomas"]
[Result "1/2-1/2"]
[WhiteElo "2156"]
[BlackElo "2413"]
[PlyCount "103"]
[EventDate "2024.??.??"]
[SourceVersionDate "2023.09.04"]

1. d4 d5 2. Nf3 c6 3. e3 Bf5 4. c4 e6 5. Nc3 Nd7 6. Bd3 Bxd3 7. Qxd3 Ngf6 8. O-O Be7 9. e4 dxe4 10. Nxe4 O-O 11. Nc3 a5 12. Bf4 a4 13. a3 Qa5 14. Qc2 Qa6 15. Nd2 b5 16. c5 Nd5 17. Bg3 Rfe8 18. Nce4 N7f6 19. Nd6 Red8 20. Nf3 b4 21. Rae1 h6 22. Ne5 b3 23. Qd1 Bxd6 24. cxd6 Rac8 25. Qf3 Qa7 26. d7 Rc7 27. Qe2 Qxd4 28. Nxf7 Kxf7 29. Qxe6+ Kg6 30. Bxc7 Nxc7 31. Qxc6 Rxd7 32. Qc1 Ncd5 33. Rd1 Qe4 34. Rfe1 Qf5 35. Rd4 Rc7 36. Rc4 Rxc4 37. Qxc4 Nf4 38. Qxa4 Qg4 39. Qc6 Nd3 40. h3 Qf5 41. Re2 Nf4 42. Re3 Qb1+ 43. Kh2 Qxb2 44. Rg3+ Kh7 45. Qb7 N4h5 46. Rxb3 Qxf2 47. Qf3 Qc5 48. Qd3+ Kg8 49. Rb8+ Kf7 50. Rb7+ Kg8 51. Rb8+ Kf7 52. Rb7+ 1/2-1/2

[Event "Brackel - Mülheim-Nord 3 "]
[Site "?"]
[Date "2024.04.07"]
[Round "8.2"]
[White "Luft, Dennis"]
[Black "Limbourg, Philipp"]
[Result "1/2-1/2"]
[WhiteElo "2277"]
[BlackElo "2199"]
[PlyCount "259"]
[EventDate "2024.??.??"]
[SourceVersionDate "2023.09.04"]

1. d4 e6 2. c4 f5 3. g3 Nf6 4. Bg2 c6 5. Nf3 d5 6. O-O Bd6 7. c5 Be7 8. Nc3 b6 9. Na4 Nfd7 10. Qc2 bxc5 11. dxc5 Bf6 12. Rb1 O-O 13. Rd1 a5 14. Nd4 Qe7 15. b3 Bxd4 16. Rxd4 Na6 17. Ba3 Nc7 18. Rd2 Ba6 19. Bb2 Bb5 20. Nb6 Nxb6 21. cxb6 Na6 22. a4 Nb4 23. Ba3 Ba6 24. Bxb4 Qxb4 25. Rc1 Bb7 26. e3 Qxb6 27. Qc5 Qxc5 28. Rxc5 Kf7 29. Kf1 Ke7 30. Ke2 Kd6 31. Rdc2 Ra6 32. Kd2 Rfa8 33. R2c3 Rb6 34. Kc1 Ra7 35. Kb2 Bc8 36. f4 Bd7 37. Ka3 Be8 38. Bf3 e5 39. fxe5+ Kxe5 40. Bd1 Kd6 41. Bc2 Bd7 42. Bd1 Rb8 43. Bf3 Re8 44. Ka2 Re6 45. Ka3 Rh6 46. Rc2 g5 47. Bd1 Be8 48. R5c3 Re6 49. g4 fxg4 50. Bxg4 Re4 51. Bf5 Re5 52. Bg4 h5 53. Bd1 Rf5 54. Rd2 Re5 55. Rdc2 Rb7 56. Rc1 g4 57. Rc5 Ra7 58. R5c3 Rf7 59. h3 Rg7 60. hxg4 hxg4 61. Be2 g3 62. Rg1 c5 63. Bb5 Bxb5 64. axb5 Re4 65. b6 Rb4 66. e4 dxe4 67. Rcxg3 Rxg3 68. Rxg3 Ke5 69. Rg5+ Kd4 70. Rg6 Kd3 71. Rd6+ Kc3 72. Re6 Kd4 73. Rd6+ Ke5 74. Rh6 e3 75. Rh5+ Kd4 76. Rh4+ Kc3 77. Rxb4 axb4+ 78. Ka4 e2 79. b7 e1=Q 80. b8=Q Qa1+ 81. Kb5 Qg1 82. Ka4 Qd4 83. Qg3+ Kc2 84. Qg2+ Qd2 85. Qe4+ Kb2 86. Qe5+ Qc3 87. Qd5 Qc2 88. Kb5 Ka3 89. Qf7 Qc3 90. Qd5 Qxb3 91. Qxc5 Qc3 92. Qd6 Kb3 93. Qe6+ Ka3 94. Qd6 Kb3 95. Qe6+ Kb2 96. Ka4 b3 97. Qe2+ Qc2 98. Qe5+ Ka2 99. Qd5 Qc3 100. Kb5 Ka1 101. Qd1+ Kb2 102. Qd5 Kc2 103. Qg2+ Qd2 104. Qc6+ Kb1 105. Ka4 b2 106. Kb3 Qd3+ 107. Kb4 Qd4+ 108. Kb3 Qd1+ 109. Kb4 Qe1+ 110. Kb3 Qe3+ 111. Kb4 Qf4+ 112. Kb3 Qb8+ 113. Kc3 Qh8+ 114. Kb3 Qh3+ 115. Kb4 Qd3 116. Qh1+ Kc2 117. Qc6+ Kd2 118. Qg2+ Qe2 119. Qd5+ Kc2 120. Qb3+ Kc1 121. Qc3+ Kd1 122. Qb3+ Qc2 123. Qf3+ Kd2 124. Qg2+ Kc1 125. Qh1+ Qd1 126. Qc6+ Kb1 127. Qe4+ Ka2 128. Qa8+ Kb1 129. Qe4+ Qc2 130. Qh1+ 1/2-1/2

[Event "Brackel - Mülheim-Nord 3"]
[Site "?"]
[Date "2024.04.07"]
[Round "8.3"]
[White "Kuipers, Dustin"]
[Black "Fluechter, Gregor"]
[Result "0-1"]
[WhiteElo "2089"]
[BlackElo "2293"]
[PlyCount "94"]
[EventDate "2024.??.??"]
[SourceVersionDate "2023.09.04"]

1. Nf3 d5 2. g3 g6 3. Bg2 Bg7 4. d4 Nf6 5. O-O O-O 6. c4 c6 7. b3 a5 8. Bb2 a4 9. Nbd2 Qa5 10. Ba3 Ne4 11. Nxe4 dxe4 12. Ne1 Rd8 13. Nc2 e5 14. Rb1 exd4 15. Bxe4 axb3 16. axb3 Qe5 17. Bd3 Nd7 18. f4 Qe8 19. b4 Nf6 20. Bb2 Ne4 21. Ra1 Rxa1 22. Qxa1 c5 23. bxc5 Nxc5 24. Qa5 Nxd3 25. exd3 Bf5 26. Re1 Qd7 27. Nb4 Re8 28. Qa1 h5 29. Kf2 Rxe1 30. Qxe1 Qa4 31. Qd2 Qb3 32. Ke2 Bf8 33. Nd5 Bxd3+ 34. Qxd3 Qxb2+ 35. Kf3 Bg7 36. h4 Qa1 37. Kg2 Qa2+ 38. Kh3 Qa6 39. f5 Qd6 40. Qf3 Be5 41. Kg2 Kg7 42. fxg6 fxg6 43. Qb3 Qd7 44. Qb1 Qg4 45. Qxb7+ Kh6 46. Qb3 Qe2+ 47. Kh3 d3 0-1

[Event "Brackel - Mülheim-Nord 3"]
[Site "?"]
[Date "2024.04.07"]
[Round "8.4"]
[White "Steinmetzer, Thomas"]
[Black "Roitburd, Talik"]
[Result "1-0"]
[WhiteElo "2216"]
[BlackElo "2119"]
[PlyCount "55"]
[EventDate "2024.??.??"]
[SourceVersionDate "2023.09.04"]

1. e4 e5 2. Nf3 Nc6 3. Bb5 a6 4. Ba4 Nf6 5. O-O d6 6. Re1 Bg4 7. c3 Nd7 8. h3 Bh5 9. d3 Be7 10. Nbd2 Nc5 11. Bc2 Ne6 12. Nf1 Bg5 13. Ne3 Bh6 14. g4 Bg6 15. h4 Bf4 16. h5 Ng5 17. Nd5 Nh3+ 18. Kg2 Bxh5 19. gxh5 g5 20. Nh2 Bxh2 21. Kxh2 Nf4 22. Bxf4 exf4 23. d4 Rg8 24. Qg4 Kf8 25. Rad1 h6 26. e5 dxe5 27. dxe5 Qc8 28. Bf5 1-0

[Event "Brackel - Mülheim-Nord 3 "]
[Site "?"]
[Date "2024.04.07"]
[Round "8.5"]
[White "Schmidt, Kevin"]
[Black "Tkachuk, Konstantyn"]
[Result "1/2-1/2"]
[WhiteElo "1978"]
[BlackElo "2240"]
[PlyCount "49"]
[EventDate "2024.??.??"]
[SourceVersionDate "2023.09.04"]

1. e4 c5 2. Nf3 d6 3. Bb5+ Bd7 4. Bxd7+ Qxd7 5. c4 e5 6. O-O Nc6 7. Nc3 Be7 8. d3 f5 9. Nd5 Nf6 10. Re1 O-O 11. Bg5 Nxd5 12. cxd5 Nd4 13. Nxd4 cxd4 14. Bxe7 Qxe7 15. f3 fxe4 16. fxe4 Rac8 17. Qd2 Rc7 18. Rac1 Rfc8 19. Rf1 h6 20. h3 Qg5 21. Qxg5 hxg5 22. Rxc7 Rxc7 23. Rf2 Rc1+ 24. Rf1 Rc2 25. Rf2 1/2-1/2

[Event "Brackel - Mülheim-Nord 3"]
[Site "?"]
[Date "2024.04.07"]
[Round "8.6"]
[White "Prieb, Robert"]
[Black "Grodotzki, Kenneth"]
[Result "1-0"]
[WhiteElo "2010"]
[BlackElo "1986"]
[PlyCount "61"]
[EventDate "2024.??.??"]
[SourceVersionDate "2023.09.04"]

1. d4 f5 2. g4 d5 3. gxf5 Bxf5 4. Bg2 Nf6 5. c4 e6 6. Nc3 c6 7. Nf3 Bb4 8. Qb3 Qb6 9. O-O Be7 10. c5 Qxb3 11. axb3 Na6 12. Ne5 Bc2 13. Nxc6 Nxc5 14. Nxe7 Nxb3 15. Nexd5 exd5 16. Ra3 Nxd4 17. Nxd5 Nxd5 18. Bxd5 Nxe2+ 19. Kg2 O-O-O 20. Rxa7 Rhe8 21. Bf3 Nd4 22. Bg5 Nxf3 23. Ra8+ Kd7 24. Rxd8+ Rxd8 25. Bxd8 Nd2 26. Rc1 Be4+ 27. Kg3 Nb3 28. Rd1+ Ke6 29. Bb6 h6 30. Kf4 Bd5 31. h4 1-0

[Event "Bochum - Erkenschwick"]
[Site "?"]
[Date "2024.04.07"]
[Round "8.1"]
[White "Nijboer, Friso"]
[Black "Zatonskih, Anna"]
[Result "1-0"]
[WhiteElo "2473"]
[BlackElo "2342"]
[PlyCount "99"]
[EventDate "2024.??.??"]
[SourceVersionDate "2023.09.04"]

1. e4 e6 2. d4 d5 3. Nc3 Nf6 4. Bg5 dxe4 5. Nxe4 Be7 6. Bxf6 Bxf6 7. Nf3 Nd7 8. Qd2 Be7 9. O-O-O O-O 10. Kb1 c5 11. dxc5 Qc7 12. Bd3 f5 13. Ng3 Nxc5 14. Rhe1 Bd7 15. Nxf5 Bf6 16. N5d4 Rad8 17. Qe3 Be8 18. Bc4 Kh8 19. Nxe6 Nxe6 20. Bxe6 Bg6 21. Bb3 Rc8 22. Re2 Bh5 23. h3 Rce8 24. Qd2 Bxf3 25. gxf3 Qc8 26. Rxe8 Rxe8 27. Re1 Rxe1+ 28. Qxe1 g6 29. a4 Qc7 30. c3 Kg7 31. Qe4 b6 32. Ka2 Kh6 33. Qe3+ Kg7 34. f4 Qe7 35. Qf3 Qd7 36. Qe3 Qe7 37. Qd3 Qd8 38. Qe4 Qe7 39. Be6 Qc5 40. Qe3 Be7 41. Kb3 Kf6 42. Qe4 b5 43. axb5 Qxb5+ 44. Kc2 a5 45. Bd5 Bd6 46. Qe6+ Kg7 47. Qxd6 Qe2+ 48. Kb3 Qd1+ 49. Ka3 Qa1+ 50. Ba2 1-0